Religion Quiz

Random Religion or State Quiz
Score 0/10 Timer 02:00
0 Plays Today
Position US state % Correct
#2Maine
87.5%
#5Washington
84.8%
#1Vermont
84.7%
#6Oregon
82.1%
#3New Hampshire
81.8%
#8Rhode Island
77.2%
#9Hawaii
75.8%
#7Alaska
75.6%
#4Massachusetts
69%
#10Colorado
50.8%
Remove Ads.
Support Sporcle.
Get the best of Sporcle when you Go Orange. This ad-free experience offers more features, more stats, and more fun while also helping to support Sporcle. Thank you for becoming a member.

You're not logged in!

Compare scores with friends on all Sporcle quizzes.
OR
Log In

Show Comments

Extras

Top Quizzes Today


Score Distribution

Your Account Isn't Verified!

In order to create a playlist on Sporcle, you need to verify the email address you used during registration. Go to your Sporcle Settings to finish the process.

Report this User

Report this user for behavior that violates our Community Guidelines.

Details: